000 00720nam a2200289Ia 4500
005 20260324123246.0
008 008 260324s9999 xx 000 0 eng d
020 _a9781315134697
037 _aEBOOK
040 _aCRL
040 _beng
040 _cCRL
041 _2eng
041 _aeng
084 _qCRL
100 _aVernon Louis Parrington; Bruce Brown
_91169631
245 4 _aThe Romantic Revolution in America: 1800-1860
245 0 _bMain Currents in American Thought
260 _bTaylor and Francis
260 _c2012
365 _a
365 _b230
856 _uhttp://www.taylorfrancis.com/books/9781315134697
942 _cEBOOK
999 _c1762996
_d1762996